000 00929cam a22002531i 4500
003 SA-RiAUC
005 20260220133949.0
008 260219s1895 ua g 00000 ara c
040 _aSA-JeALM
_bara
_cSA-RiAUC
_erda
043 _aa-tu---
082 0 4 _a956.1
_qSA-RiAUC
090 _aم ن 956.1
_bس ر ك
100 1 _aسركيس، سليم،
_d1248-1344 هجري
_eمؤلف.
245 1 0 _aسر مملكة /
_cتأليف سليم سركيس.
264 1 _aالقاهرة :
_b[الناشر غير محدد]،
_c1895
300 _a158 صفحة ؛
_c24 سم
336 _aنص
_btxt
_2rdacontent
_3كتاب
337 _aبدون وسيط
_bn
_2rdamedia
338 _aمجلد
_bnc
_2rdacarrier
651 7 _aتركيا
_xتاريخ
_2aucsh
651 7 _aالبلاد الإسلامية
_xتاريخ
_yالحكم العثماني، 1288-1918
_2aucsh
942 _2ddc
_cRBOOK COPY
_n0
949 _aSA-JeALM
_d260219
_umohamedma123
_n1
999 _c14411
_d14411